Muğla'nın İlçeleri - Statistics

General Stats
  • This quiz has been taken 119 times
  • The average score is 10 of 13
Answer Stats
Nüfus Cevap % Correct
198.335 Bodrum
96%
177.569 Fethiye
93%
96.778 Marmaris
89%
149.691 Milas
85%
49.044 Dalaman
84%
25.649 Datça
84%
40.665 Köyceğiz
72%
27.282 Ula
72%
56.056 Ortaca
67%
45.614 Yatağan
65%
123.227 Menteşe
61%
65.851 Seydikemer
53%
10.975 Kavaklıdere
39%
No matching quizzes found
Score Distribution
Percent of People with Each Score
Percentile by Number Answered
Your Score History
You have not taken this quiz